Fast Typing 10-800 Quiz! - Statistics

General Stats
  • This quiz has been taken 118 times
  • The average score is 63 of 80
Answer Stats
Answer % Correct
10
99%
20
95%
30
92%
40
92%
50
92%
60
92%
100
91%
70
91%
80
91%
90
91%
110
90%
120
90%
130
88%
140
87%
210
87%
150
86%
160
86%
170
86%
180
86%
190
86%
200
86%
220
86%
230
86%
240
86%
250
84%
310
84%
260
83%
270
83%
280
83%
290
83%
300
83%
320
83%
330
83%
340
83%
350
83%
360
83%
370
82%
380
81%
390
81%
520
81%
400
79%
410
79%
420
79%
430
79%
440
79%
450
79%
460
79%
470
79%
480
79%
490
79%
500
79%
510
79%
530
78%
540
78%
550
78%
600
78%
560
77%
570
77%
580
77%
590
77%
610
75%
620
75%
630
74%
640
70%
650
70%
660
70%
670
70%
680
69%
690
68%
700
64%
710
60%
720
60%
730
58%
740
57%
750
56%
800
55%
760
53%
770
52%
780
52%
790
52%
No matching quizzes found
Score Distribution
Percent of People with Each Score
Percentile by Number Answered
Your Score History
You have not taken this quiz